| 000 | 00920nam a22002897a 4500 | ||
|---|---|---|---|
| 999 |
_c402 _d402 |
||
| 001 | 003468 | ||
| 003 | CoMeUDC003468 | ||
| 005 | 20181213224940.0 | ||
| 008 | 110505s2010 ck gr 00010 spa d | ||
| 015 | _ack-2010-xxxx | ||
| 020 | _a9789588336671 | ||
| 040 |
_aCO-BoBLA _bspa _cCoMeUDC |
||
| 041 | 0 | _aspa | |
| 082 | 0 | 4 |
_a340.1 _bV144t _221 |
| 100 |
_aValderrama Gómez, Elkin. _9765 |
||
| 245 | 1 | 0 |
_aTeoría general del derecho : _b(gnoseontología del derecho-socio-egología jurídica) / _cElkin Valderrama Gómez. |
| 260 |
_aBogotá : _bLibreria Jurídica Sánchez R., _c2010. |
||
| 300 |
_a407 p. ; _c25 cm. |
||
| 504 | _aIncluye bibliografía. | ||
| 650 | 0 |
_aTeoría del derecho. _9766 |
|
| 650 | 0 |
_aEgología. _9769 _xDerecho. |
|
| 650 | 0 |
_aGnoseontología. _9768 _xDerecho. |
|
| 650 | 0 |
_aFilosofía del derecho. _9767 |
|
| 650 |
_aDerecho _x Historia. |
||
| 942 |
_2ddc _cBK |
||
| 949 |
_an _bn |
||